Mercado laboral y pobreza en Centroamérica: ganadores y perdedores del ajuste estructural /
El ajuste estructural se presenta como un transfondo que impacta en la dinámica de los mercados laborales en El Salvador y su relación con la pobreza y las estrategias de los hogares para mejorar sus condiciones. El análisis abarca el período de 1988 a 1991 en el que el país empieza a tener cambios...
Gardado en:
| Autor Principal: | |
|---|---|
| Outros autores: | |
| Formato: | Desconocido |
| Publicado: |
San José:
FLACSO. Programa Costa Rica
|
| Materias: | |
| Etiquetas: |
Engadir etiqueta
Sen Etiquetas, Sexa o primeiro en etiquetar este rexistro!
|
MARC
| LEADER | 00000 a2200000 04500 | ||
|---|---|---|---|
| 001 | 11766 | ||
| 003 | |||
| 008 | 991231s d | ||
| 040 | |||
| 090 | |a 140803 | ||
| 100 | |a Funkhouser, Edward | ||
| 245 | |a Mercado laboral y pobreza en Centroamérica: ganadores y perdedores del ajuste estructural / |c Edward Funkhouser | ||
| 260 | |a San José: |b FLACSO. Programa Costa Rica | ||
| 300 | |a 376 p. | ||
| 520 | |a El ajuste estructural se presenta como un transfondo que impacta en la dinámica de los mercados laborales en El Salvador y su relación con la pobreza y las estrategias de los hogares para mejorar sus condiciones. El análisis abarca el período de 1988 a 1991 en el que el país empieza a tener cambios importantes en las condiciones generales. Presenta una síntesis de las políticas de ajuste implementadas en ese período y las hipótesis sobre los efectos que éstas pueden tener en ese país, analiza las transformaciones en el mercado laboral, la recomposición de la fuerza laboral y la evolución de ingresos reales, finalmente observa cómo estos cambios están relacionados con la pobreza, las características entre hogares en pobreza y las variables que influyen en la pobreza. REV/LCL | ||
| 650 | |a ANALISIS ECONOMICO | ||
| 650 | |a MERCADO DE TRABAJO | ||
| 650 | |a EMPLEO | ||
| 650 | |a CONDICIONES DE VIDA | ||
| 650 | |a POBREZA | ||
| 650 | |a INGRESOS DE HOGARES | ||
| 650 | |a AJUSTE ESTRUCTURAL | ||
| 650 | |a EQUIDAD SOCIAL | ||
| 650 | |a EMPLEO | ||
| 650 | |a INGRESO | ||
| 650 | |a POBREZA | ||
| 700 | |a Pérez Sáinz, Juan Pablo | ||
| 999 | |c 12454 |d 12454 | ||
